LEADER 01508nam 2200385 a 450 001 9910701437303321 005 20120411110436.0 035 $a(CKB)5470000002418706 035 $a(OCoLC)785394744 035 $a(EXLCZ)995470000002418706 100 $a20120411d2009 ua 0 101 0 $aeng 135 $aurbn||||||||| 181 $ctxt$2rdacontent 182 $cc$2rdamedia 183 $acr$2rdacarrier 200 00$aScience Advisory Board (SAB) comments on EPA's immediate science needs$b[electronic resource] /$f[signed[ Deborah L. Swackhamer 210 1$aWashington, D.C. :$cU.S. Environmental Protection Agency, Office of the Administrator, Science Advisory Board,$d2009. 215 $a1 online resource (4 pages) 300 $aTitle from title screen (viewed on Apr. 11, 2012). 300 $a"May 5, 2009"--P. [1]. 300 $a"EPA-SAB-09-013"--P. [1]. 320 $aIncludes bibliographical references (page 4). 517 $aScience Advisory Board 606 $aEnvironmental protection$zUnited States 615 0$aEnvironmental protection 701 $aSwackhamer$b Deborah Liebl$01389701 712 02$aUnited States.$bEnvironmental Protection Agency.$bOffice of the Administrator. 712 02$aUnited States.$bEnvironmental Protection Agency.$bScience Advisory Board. 801 0$bGPO 801 1$bGPO 906 $aBOOK 912 $a9910701437303321 996 $aScience Advisory Board (SAB) comments on EPA's immediate science needs$93497016 997 $aUNINA LEADER 01849nam 2200541Ia 450 001 9910702110803321 005 20121025092503.0 035 $a(CKB)5470000002425034 035 $a(OCoLC)814380406 035 $a(EXLCZ)995470000002425034 100 $a20121025d2011 ua 0 101 0 $aeng 135 $aurmn||||||||| 181 $ctxt$2rdacontent 182 $cc$2rdamedia 183 $acr$2rdacarrier 200 10$aSpreadsheet calculation of jets in crossflow$b[electronic resource] $eopposed rows of slots slanted at 45° /$fJames D. Holdeman, James R. Clisset, Jeffrey P. Moder 210 1$aCleveland, Ohio :$cNational Aeronautics and Space Administration, Glenn Research Center,$d[2011] 215 $a1 online resource (22 pages) $cillustrations (some color) 225 1 $aNASA/TM ;$v2011-215980 300 $aTitle from title screen (viewed on Oct. 25, 2012). 300 $a"December 2011." 320 $aIncludes bibliographical references (page 22). 517 $aSpreadsheet calculation of jets in crossflow 606 $aSlots$2nasat 606 $aSpreadsheets$2nasat 606 $aCross flow$2nasat 606 $aMathematical models$2nasat 606 $aComputational fluid dynamics$2nasat 606 $aSlopes$2nasat 606 $aJet flow$2nasat 615 7$aSlots. 615 7$aSpreadsheets. 615 7$aCross flow. 615 7$aMathematical models. 615 7$aComputational fluid dynamics. 615 7$aSlopes. 615 7$aJet flow. 700 $aHoldeman$b J. D$01384589 701 $aClisset$b James R$01395514 701 $aModer$b Jeffrey P$01395515 712 02$aNASA Glenn Research Center. 801 0$bGPO 801 1$bGPO 906 $aBOOK 912 $a9910702110803321 996 $aSpreadsheet calculation of jets in crossflow$93459002 997 $aUNINA